Ultimate 80s Songs Quiz - Statistics

General Stats
  • This quiz has been taken 3,271 times
    577 since last reset
  • The average score is 39 of 150
Answer Stats
Song Title Artist/Band % Correct
Radio Ga Ga Queen
87%
Man In The Mirror Michael Jackson
79%
You Give Love A Bad Name Bon Jovi
75%
Total Eclipse of the Heart Bonnie Tyler
67%
Karma Chameleon Culture Club
67%
Walk Like an Egyptian Bangles
66%
Down Under Men At Work
62%
Love Shack B-52's
61%
Sunday Bloody Sunday U2
61%
We Built This City Starship
57%
Rosanna Toto
56%
Kiss Prince
53%
Come On Eileen Dexy's Midnight Runners
52%
The Walk of Life Dire Straits
52%
Take My Breath Away Berlin
51%
Don't You (Forget About Me) Simple Minds
51%
Free Fallin' Tom Petty
50%
The Wild Boys Duran Duran
49%
Land of Confusion Genesis
49%
Steppin' Out Joe Jackson
47%
Forever Young Alphaville
46%
You Can Call Me Al Paul Simon
46%
I'm Gonna Be (500 Miles) Proclaimers
46%
King of Pain Police
44%
It Must Have Been Love Roxette
44%
I'm On Fire Bruce Springsteen
43%
Owner of a Lonely Heart Yes
43%
Get Outta My Dreams, Get Into My Car Billy Ocean
42%
You Make My Dreams (Come True) Hall & Oates
42%
Straight Outta Compton N.W.A
42%
Can't Fight This Feeling REO Speedwagon
42%
We're Not Gonna Take It Twisted Sister
42%
Ghostbusters Ray Parker Jr.
41%
Why Can't This Be Love Van Halen
41%
Sunglasses at Night Corey Hart
39%
Everywhere Fleetwood Mac
39%
The Safety Dance Men Without Hats
39%
Don't Dream it's Over Crowded House
38%
She Drives Me Crazy Fine Young Cannibals
38%
We Don't Need Another Hero Tina Turner
38%
I'm Your Man Wham / Leonard Cohen
38%
The Sun Always Shines on TV A-Ha
37%
Straight Up Paula Abdul
36%
Somebody's Watching Me Rockwell
36%
Together Forever Rick Astley
35%
Never Tear Us Apart INXS
34%
Mr. Roboto Styx
34%
She Bop Cyndi Lauper
32%
Hungry Eyes Eric Carmen
32%
Beds Are Burning Midnight Oil
32%
Gold Spandau Ballet
32%
Heat of the Moment Asia
31%
These Dreams Heart
31%
Kyrie Mr. Mister
31%
Hard to Say I'm Sorry Chicago
30%
Where Do Broken Hearts Go Whitney Houston
30%
Absolute Beginners David Bowie
29%
Let's Groove Earth, Wind & Fire
29%
Jump (For My Love) Pointer Sisters
29%
And She Was Talking Heads
29%
Hot In The City Billy Idol
28%
Rhythm is Gonna Get You Gloria Estefan
28%
Smalltown Boy Bronski Beat
27%
Toy Soldiers Martika
27%
Break My Stride Matthew Wilder
26%
Domino Dancing Pet Shop Boys
26%
Word Up Cameo
24%
A Little Respect Erasure
24%
Love is a Stranger Eurythmics
24%
Chequered Love Kim Wilde
24%
Come Back and Stay Paul Young
24%
Inbetween Days Cure
23%
If This Is It Huey Lewis & The News
23%
Ain't Nobody Rufus and Chaka Khan
23%
It's My Life Talk Talk
23%
Dance Hall Days Wang Chung
23%
One Night in Bangkok Murray Head
22%
Golden Brown Stranglers
22%
Kingston Town UB40
22%
Bizarre Love Triangle New Order
21%
Games Without Frontiers Peter Gabriel
21%
Together in Electric Dreams Philip Oakey & Giorgio Moroder
21%
Stand and Deliver Adam and the Ants
20%
Dancing With Tears In My Eyes Ultravox
20%
Shattered Dreams Johnny Hates Jazz
19%
Every Beat of My Heart Rod Stewart
19%
Avalon Roxy Music
19%
Funky Cold Medina Tone-Loc
19%
The Killing Moon Echo and the Bunnymen
18%
That Was Yesterday Foreigner
18%
It Must Be Love Madness
18%
All I Need is a Miracle Mike & The Mechanics
18%
China In Your Hand T'Pau
18%
Wonderful Life Black
17%
Living in a Box Living in a Box
17%
You Got It Roy Orbison
17%
Fade To Grey Visage
17%
Kayleigh Marillion
16%
Back In The High Life Again Steve Winwood
16%
Love Is The Seventh Wave Sting
16%
When All Is Said And Done ABBA
15%
A Question of Lust Depeche Mode
15%
This Woman's Work Kate Bush
15%
I Won't Let The Sun Go Down On Me Nik Kershaw
15%
Joan of Arc (Maid of Orleans) OMD
15%
You Can Do Magic America
14%
The King Of Wishful Thinking Go West
14%
Caravan of Love Housemartins
14%
And We Danced Hooters
13%
Tempted Squeeze
13%
Handle With Care Traveling Wilburys
13%
The Whole of the Moon Waterboys
13%
Baby Can I Hold You Tracy Chapman
11%
New York Minute Don Henley
10%
Life in a Northern Town Dream Academy
10%
Calling America Electric Light Orchestra
10%
Perfect Fairground Attraction
10%
Love Changes (Everything) Climie Fisher
9%
Bamboléo Gipsy Kings
9%
Torch Soft Cell
9%
Senses Working Overtime XTC
9%
Johnny and Mary Robert Palmer
8%
They Don't Know Tracey Ullman
8%
Under The Milky Way Church
7%
Mary's Prayer Danny Wilson
7%
Heartlight Kenny Loggins
7%
The Sun Goes Down (Living It Up) Level 42
7%
Peter Piper Run-D.M.C.
7%
The Future's So Bright, I Gotta Wear Shades Timbuk 3
7%
Mexican Radio Wall of Voodoo
7%
One Day I'll Fly Away Randy Crawford
6%
You Keep It All In Beautiful South
5%
Bobby Brown Goes Down Frank Zappa
5%
I'll Find My Way Home Jon and Vangelis
5%
Live It Up Mental As Anything
5%
Celebrate Youth Rick Springfield
5%
Love Missile F1-11 Sigue Sigue Sputnik
5%
Runaway Boys Stray Cats
5%
Someday Glass Tiger
4%
Everybody's Got To Learn Sometime Korgis
4%
Musique Non Stop Kraftwerk
3%
When Love Breaks Down Prefab Sprout
3%
Chinese Rock Ramones
3%
Give a Little Love Aswad
2%
Shine On House of Love
2%
Catch Me I'm Falling Real Life
2%
51st State New Model Army
1%
Call It Love Poco
1%
Long White Cadillac Blasters
0%
Precious Little Diamond Fox The Fox
0%
No matching quizzes found
Score Distribution
Percent of People with Each Score
Percentile by Number Answered
Your Score History
You have not taken this quiz since the last reset